000 01181cam a2200337 a 4500
001 13667246
003 OSt
005 20230602155026.0
008 040218m20039999ke ab bs f000 0 eng
010 _a 2003408773
020 _a9291461490
035 _a(DLC) 2003408773
040 _aDLC
_cDLC
_dDLC
042 _alcode
043 _af-ke---
082 0 0 _a305.569
_bCBS
110 _bCentral Bureau Of Statistics
245 0 0 _aGeographic dimensions of well-being in Kenya :
_bwhere are the poor? : from districts to locations /
_c[written by Godfrey Ndeng'e ... et al.].
260 _a[Nairobi] :
_bCentral Bureau of Statistics, Ministry of Planning and National Development,
_cc2003-
300 _a164 pages
_bill. (some col.), col. maps ;
_c25 x 35 cm. +
440 _v1
500 _aCover title.
504 _aIncludes bibliographical references (p. 163).
650 0 _aPoor
_zKenya.
700 1 _aNdeng'e, Godfrey.
710 1 _aKenya.
_bCentral Bureau of Statistics.
906 _a7
_bcbc
_corigode
_d2
_encip
_f20
_gy-gencatlg
942 _2ddc
_cBK
999 _c210
_d210